000 00942cam a22002055a 4500
001 L156245
008 120509s1837 xxk f 000 0 eng d
035 _a(Sirsi) u156245
041 0 _aeng
110 2 _aGreat Britain
_bCommissioners appointed to report and advise upon the Boundaries and Wards of certain Boroughs and Corporate towns in England and Wales
_96061
245 0 0 _aReport of the commissioners appointed to report and advise upon the boundaries and wards of certain boroughs and corporate towns in England and Wales
260 _a[London]
_b[House of Commons]
_c1837
300 _a3 v.
_bill., maps
_c36 cm.
490 0 _aHouse of Commons Paper
_v(238)
520 _aOrdered by the House of Commons, to be printed 26th April 1837. Library holds parts 2 and 3 only.
583 0 _aCondition reviewed
_c20120620
_lcondition level 4 and 4
651 4 _aEngland and Wales
_y1543-
690 _aBusiness and management
942 _n0
999 _c114126
_d114126